| 000 | 00457nam a2200157 a 4500 | ||
|---|---|---|---|
| 001 | 000026901 | ||
| 005 | 20200930030459.0 | ||
| 008 | 110328s1985 dr a 000 0 spa d | ||
| 040 |
_aDO-SdBNP _bspa _cBNPHU |
||
| 082 |
_axxx _bP349f |
||
| 100 | 1 |
_aFlores Peña, M. _954006 |
|
| 245 | 1 | 0 |
_aFarmacología general del sistema nervioso / _cM. Flores Peña. |
| 260 |
_aSanto Domingo : _bAlfa y omega, _c1985. |
||
| 300 |
_a142 p. : _bil. ; _c32 cm. |
||
| 049 | _aBNPD | ||
| 999 |
_c26393 _d26393 |
||